• 首页
  • 本馆介绍
  • 公告通知
  • 最新文献
  • 馆藏检索
  • 电子资源
  • 读者导购
  • 参考咨询
  • 我的图书馆
  • 登录
  • 详细信息显示
  • 放入我的书架
  • 预约/预借图书
  • 作者相关作品
  • 分类相关作品
  • 丛书相关作品
  • 出版社相关作品

书目信息

  • 表格格式
  • 工作单格式
  • 卡片格式
题名:
园林美学
    
 
作者: 梁隐泉 , 王广友 主编
分册:  
出版信息: 北京   中国建材工业出版社  2004.08
页数: 100页
开本: 26cm
丛书名:
单 册:
中图分类: TU986.1
科图分类:
主题词: 园林艺术--yuan lin yi shu--艺术美学--高等学校--教材 , 园林艺术--yuan lin yi shu , 艺术美学--yi shu mei xue
电子资源:
ISBN: 978-7-80159-706-9
000 00945nam0 2200277 450
001 0106081816
005 20201106082044.0
010    @a978-7-80159-706-9@dCNY28.00
100    @a20040928e20202004em y0chiy50 ea
101 0  @achi
102    @aCN@b110000
105    @aa z 000yy
106    @ar
200 1  @a园林美学@Ayuan lin mei xue@f梁隐泉, 王广友主编
210    @a北京@c中国建材工业出版社@d2004.08@h2020.01
215    @a100页@c图@d26cm
300    @a高等院校园林专业系列教材
330    @a本书将美学基础与园林专业知识结合,对园林艺术、园林美的创造和欣赏等,以提纲挈领的方式做了编写,各章节后附有思考题。
606 0  @a园林艺术@Ayuan lin yi shu@x艺术美学@x高等学校@j教材
606 0  @a园林艺术@Ayuan lin yi shu
606 0  @a艺术美学@Ayi shu mei xue
690    @aTU986.1@v5
701  0 @a梁隐泉@Aliang yin quan@4主编
701  0 @a王广友@Awang guang you@4主编
801  0 @aCN@bBJSZM@c20201106
905    @b1191988-91@dTU986.1@e1653@f4
    
    园林美学/梁隐泉, 王广友主编.-北京:中国建材工业出版社,2004.08(2020.01)
    100页:图;26cm
    高等院校园林专业系列教材
    
    ISBN 978-7-80159-706-9:CNY28.00
    本书将美学基础与园林专业知识结合,对园林艺术、园林美的创造和欣赏等,以提纲挈领的方式做了编写,各章节后附有思考题。
●
相关链接 在E读中查询图书 在五车中查询图书 在当当中查询图书 在豆瓣中查询图书


正题名:园林美学     索取号:TU986.1/1653         预约/预借

序号 登录号 条形码 馆藏地/架位号 状态 备注
1 1191988   211919888   第二样本阅览室/ [索取号:TU986.1/1653] 在馆    
2 1191989   211919897   第三借阅区/ [索取号:TU986.1/1653] 在馆    
3 1191990   211919904   第三借阅区/ [索取号:TU986.1/1653] 在馆    
4 1191991   211919913   第三借阅区/ [索取号:TU986.1/1653] 在馆    
唐山师范学院图书馆 欢迎您!
大连网信软件有限公司© 版权所有